<?xml version="1.0" encoding="UTF-8"?>
<record
    xmlns:xsi="http://www.w3.org/2001/XMLSchema-instance"
    xsi:schemaLocation="http://www.loc.gov/MARC21/slim http://www.loc.gov/standards/marcxml/schema/MARC21slim.xsd"
    xmlns="http://www.loc.gov/MARC21/slim">

  <leader>03336nam a2200421 i 4500</leader>
  <controlfield tag="001">21889619</controlfield>
  <controlfield tag="003">EG-ScBUE</controlfield>
  <controlfield tag="005">20230312123331.0</controlfield>
  <controlfield tag="008">210202s2022    nyu    f b    001 0 eng d</controlfield>
  <datafield tag="020" ind1=" " ind2=" ">
    <subfield code="a">9780367464028</subfield>
  </datafield>
  <datafield tag="040" ind1=" " ind2=" ">
    <subfield code="a">DLC</subfield>
    <subfield code="b">eng</subfield>
    <subfield code="e">rda</subfield>
    <subfield code="c">DLC</subfield>
    <subfield code="d">DLC</subfield>
    <subfield code="d">EG-ScBUE</subfield>
  </datafield>
  <datafield tag="043" ind1=" " ind2=" ">
    <subfield code="a">e-uk---</subfield>
  </datafield>
  <datafield tag="082" ind1="0" ind2="4">
    <subfield code="a">320.941</subfield>
    <subfield code="2">22</subfield>
    <subfield code="b">POL</subfield>
  </datafield>
  <datafield tag="245" ind1="0" ind2="0">
    <subfield code="a">Politics UK /</subfield>
    <subfield code="c">edited by Bill Jones, Philip Norton and Isabelle Hertner.</subfield>
  </datafield>
  <datafield tag="246" ind1="3" ind2=" ">
    <subfield code="a">Politics United Kingdom</subfield>
  </datafield>
  <datafield tag="250" ind1=" " ind2=" ">
    <subfield code="a">Tenth Edition.</subfield>
  </datafield>
  <datafield tag="264" ind1=" " ind2="1">
    <subfield code="a">New York :</subfield>
    <subfield code="b">Routledge, Taylor &amp; Francis Group,</subfield>
    <subfield code="c">2022.</subfield>
  </datafield>
  <datafield tag="300" ind1=" " ind2=" ">
    <subfield code="a">xliv, 780 pages :</subfield>
    <subfield code="b">illustrations (color) ;</subfield>
    <subfield code="c">27 cm</subfield>
  </datafield>
  <datafield tag="336" ind1=" " ind2=" ">
    <subfield code="a">text</subfield>
    <subfield code="b">txt</subfield>
    <subfield code="2">rdacontent</subfield>
  </datafield>
  <datafield tag="337" ind1=" " ind2=" ">
    <subfield code="a">unmediated</subfield>
    <subfield code="b">n</subfield>
    <subfield code="2">rdamedia</subfield>
  </datafield>
  <datafield tag="338" ind1=" " ind2=" ">
    <subfield code="a">volume</subfield>
    <subfield code="b">nc</subfield>
    <subfield code="2">rdacarrier</subfield>
  </datafield>
  <datafield tag="500" ind1=" " ind2=" ">
    <subfield code="a">"First edition published by Philip Alan Ltd. 1991. Ninth published by Routledge 2018"--T.p. verso.</subfield>
  </datafield>
  <datafield tag="500" ind1=" " ind2=" ">
    <subfield code="a">"With contributed material by Michael Clarke, Oliver Daddow, Russel Deacon, David Denver, Anneliese Dodds, Russel Foster, Charlotte Galpin, Chris Game, Wyn Grant, Kevin Hickson, Hannah Jones, Danny Rye and Ben Williams...and concluding articles by Sir John Curtice, Philip Collins, Sir Simon Jenkins, Andrew Rawnsley and Julie Smith."</subfield>
  </datafield>
  <datafield tag="504" ind1=" " ind2=" ">
    <subfield code="a">Includes bibliographical references and index.</subfield>
  </datafield>
  <datafield tag="505" ind1="2" ind2=" ">
    <subfield code="a">Brief Contents. PART 1. CONTEXT -- PART 2. DEFINING THE POLITICAL WORLD -- PART 3. THE REPRESENTATIVE PROCESS -- PART 4. THE LEGISLATIVE PROCESS -- PART 5. THE EXECUTIVE PROCESS -- PART 6. THE POLICY PROCESS -- Epilogue.</subfield>
  </datafield>
  <datafield tag="520" ind1=" " ind2=" ">
    <subfield code="a">"This revised and updated 10th edition of the bestselling textbook Politics UK is an indispensable introduction to British politics. It provides a thorough and accessible overview of the institutions and processes of British government, an excellent grounding in British political history and an incisive introduction to the issues and challenges facing Britain today. This edition welcomes 4 brand new chapters - Gender and British Politics, Immigration Policy in Hostile Environment, Britain and the European Union, and British Foreign and Defence Policy - alongside rigorously updated revised chapters. It delivers excellent coverage of contemporary events, with significant new material covering: the Johnson premiership and the national challenge of COVID-19, the end of the May premiership and the implementation of Brexit, the Labour Party's transition from Corbyn to Starmer, infrastructure and innovation, 'fake' news, populism and nationalism, the UK's place in a post-Brexit world, climate change, social mobility and elite recruitment, devolution and regionalism, constitutional strain, the role of political advisers abuse and incivility in politics and much more. Other features of the new edition include:</subfield>
  </datafield>
  <datafield tag="651" ind1=" " ind2="7">
    <subfield code="a">Great Britain</subfield>
    <subfield code="x">Politics and government</subfield>
    <subfield code="y">1997-</subfield>
    <subfield code="2">BUEsh</subfield>
  </datafield>
  <datafield tag="653" ind1=" " ind2=" ">
    <subfield code="b">BUSBOL</subfield>
    <subfield code="c">March2023</subfield>
  </datafield>
  <datafield tag="655" ind1=" " ind2=" ">
    <subfield code="v">Reading book</subfield>
  </datafield>
  <datafield tag="700" ind1="1" ind2=" ">
    <subfield code="a">Jones, Bill,</subfield>
    <subfield code="d">1946-</subfield>
    <subfield code="e">editor.</subfield>
  </datafield>
  <datafield tag="700" ind1="1" ind2=" ">
    <subfield code="a">Norton, Philip,</subfield>
    <subfield code="e">editor.</subfield>
  </datafield>
  <datafield tag="700" ind1="1" ind2=" ">
    <subfield code="a">Hertner, Isabelle,</subfield>
    <subfield code="e">editor.</subfield>
  </datafield>
  <datafield tag="776" ind1="0" ind2="8">
    <subfield code="i">Online version:</subfield>
    <subfield code="t">Politics UK</subfield>
    <subfield code="b">Tenth Edition.</subfield>
    <subfield code="d">New York : Routledge, 2021.</subfield>
    <subfield code="z">9781003028574</subfield>
    <subfield code="w">(DLC) 2021004416</subfield>
  </datafield>
  <datafield tag="906" ind1=" " ind2=" ">
    <subfield code="a">7</subfield>
    <subfield code="b">cbc</subfield>
    <subfield code="c">orignew</subfield>
    <subfield code="d">1</subfield>
    <subfield code="e">ecip</subfield>
    <subfield code="f">20</subfield>
    <subfield code="g">y-gencatlg</subfield>
  </datafield>
  <datafield tag="942" ind1=" " ind2=" ">
    <subfield code="2">ddc</subfield>
    <subfield code="c">BB</subfield>
  </datafield>
  <datafield tag="999" ind1=" " ind2=" ">
    <subfield code="c">30247</subfield>
    <subfield code="d">30218</subfield>
  </datafield>
  <datafield tag="952" ind1=" " ind2=" ">
    <subfield code="0">0</subfield>
    <subfield code="1">0</subfield>
    <subfield code="2">ddc</subfield>
    <subfield code="4">0</subfield>
    <subfield code="7">0</subfield>
    <subfield code="8">Alahram</subfield>
    <subfield code="a">MAIN</subfield>
    <subfield code="b">MAIN</subfield>
    <subfield code="c">1ST</subfield>
    <subfield code="d">2023-03-12</subfield>
    <subfield code="e">Purchase</subfield>
    <subfield code="g">729.00</subfield>
    <subfield code="h">190</subfield>
    <subfield code="l">0</subfield>
    <subfield code="o">320.941 POL</subfield>
    <subfield code="p">000044894</subfield>
    <subfield code="r">2025-07-15 00:00:00</subfield>
    <subfield code="v">911.25</subfield>
    <subfield code="w">2023-03-12</subfield>
    <subfield code="y">BB</subfield>
  </datafield>
</record>
